Instrument for testing hardness and permanent set of rubber and for measuring thickness of test pieces (Record no. 61455)

MARC details
000 -LEADER
fixed length control field 00388nam a2200133Ia 4500
100 ## - MAIN ENTRY--AUTHOR NAME
Personal name Daynes H A
245 #0 - TITLE STATEMENT
Title Instrument for testing hardness and permanent set of rubber and for measuring thickness of test pieces
260 ## - PUBLICATION, DISTRIBUTION, ETC. (IMPRINT)
Name of publisher IRI Transactions
Year of publication 1930
300 ## - PHYSICAL DESCRIPTION
Number of Pages 63-81
700 ## - ADDED ENTRY--PERSONAL NAME
Personal name Johnson E B
700 ## - ADDED ENTRY--PERSONAL NAME
Personal name Scott J R
942 ## - ADDED ENTRY ELEMENTS (KOHA)
Koha item type Journals
Holdings
Withdrawn status Lost status Damaged status Not for loan Home library Current library Shelving location Date acquired Serial Enumeration / chronology Koha item type
      Journals RRII Library RRII Library Rubber chemistry 17/12/2021 Volume 6, Issue 1 Journals